Online Catalogue and eLibrary

Indian constitution : (Record no. 4608)

MARC details
000 -LEADER
fixed length control field 00439nam a2200157Ia 4500
005 - DATE AND TIME OF LATEST TRANSACTION
control field 20250107013917.0
008 - FIXED-LENGTH DATA ELEMENTS--GENERAL INFORMATION
fixed length control field 240331s9999 xx 000 0 und d
020 ## - INTERNATIONAL STANDARD BOOK NUMBER
ISBN 8185835438
082 ## - DDC Classification
Item Number - Author Mark IND
Class No. 950
245 #0 - TITLE STATEMENT
Title Indian constitution :
Remainder of title a review
260 ## - PUBLICATION, DISTRIBUTION, ETC.
Place of publication, distribution, etc. Chandigarh
Name of publisher, distributor, etc. Centre for Research in Rural & Industrial Development
Date of publication, distribution, etc. 2002
300 ## - PHYSICAL DESCRIPTION
Extent (e.g. Volumes, Pages etc.) vii, 219 p .,
650 ## - SUBJECT ADDED ENTRY--TOPICAL TERM
Topical term or geographic name entry element Indian constitution
700 ## - ADDED ENTRY--PERSONAL NAME
Personal name Pal,R.N.
Relator term (Role) Editor
942 ## - Koha item type (Biblio)
Koha item type Books in Stacks (Lending)
Holdings
Lost status Damaged status Collection code Home library Current library Shelving location Date acquired Full call number Accession Number Item type
    Lending WERC Library WERC Library Social Science Cupboard 03/31/2024 950 IND 6548 Books in Stacks (Lending)

© WERC Library